| 000 | 01383nam0a22003011 4500 | ||
|---|---|---|---|
| 001 | rc\2769023 | ||
| 005 | 20260407084211.0 | ||
| 035 | _a(NLR Aleph) 006895426 | ||
| 090 |
_a7191442 _c7191442 |
||
| 100 | _a20110915d1941 u y0rusy50 ca | ||
| 101 | 0 | _arus | |
| 102 | _aRU | ||
| 105 | _aa z ||||| | ||
| 200 | 1 |
_aДонецкий индустриальный институт за 20 лет. 1921-1941 гг. _fПрофессора Н. Н. Рождественский, К. В. Мессерле, И. Е. Коробчанский и др. _gНКУП СССР |
|
| 210 |
_aСталино _cДонец. индустр. ин-т _d1941 |
||
| 215 |
_a128 с., 67 вкл. л. ил., черт., табл. _d23 см. |
||
| 300 | _aНа 2-й стр. указаны авторы: профессора Н. Н. Рождественский, К. В. Мессерле, И. Е. Коробчанский и др. | ||
| 702 | 1 |
_aМессерле _bК.В. _4570 |
|
| 702 | 1 |
_aКоробчанский _bИ.Е. _4570 |
|
| 702 | 1 |
_aРождественский _bН.Н. _4570 |
|
| 710 | 0 | 2 |
_aДонецкий политехнический институт _3RU\NLR\AUTH\8811928 _9296548 |
| 801 | 0 |
_aRU _bNLR _gpsbo |
|
| 801 | 1 |
_aRU _bELAR _2rusmarc |
|
| 852 |
_aNLR _jПр40 Г-5/1 |
||
| 942 | _cBOOK | ||
| 945 | _aРоссийская национальная библиотека | ||
| 980 | _aNB | ||
| 980 | _aBV | ||